| 000 | 00559cam a22001935a 4500 | ||
|---|---|---|---|
| 001 | L158135 | ||
| 008 | 140901s1991 xxk f 000 0 eng d | ||
| 020 | _a0415048028 | ||
| 035 | _a(Sirsi) u158135 | ||
| 041 | 0 | _aeng | |
| 100 | 1 | _aBaum, A. | |
| 245 | 0 | 0 | _aProperty investment depreciation and obsolescence |
| 260 |
_aLondon _cRoutledge _b1991 |
||
| 520 | _aExplores the role of depreciation and obsolescence in the property investment process | ||
| 651 | 4 |
_aUnited Kingdom _y |
|
| 690 |
_aValuation _96273 |
||
| 690 |
_aInvestments _96250 |
||
| 942 | _n0 | ||
| 999 |
_c115163 _d115163 |
||